000 00768nam a2200205 i 4500
001 167257
003 ES-MaACL
005 20250818063106.0
008 050922s1862 fr | |||||||| ||fre d
040 _aCAM
_bspa
_cCAM
100 1 _aVerne, Jules,
_d1828-1905
_9188654
245 1 0 _aVoyage au centre de la terre /
_cpar Jules Verne.
260 _aParis :
_bJ. Hetzel,
_c[s.a.] (
_fImprimerie L. Toinon et C.)
300 _a335 p. ;
_c19 cm.
490 1 _aBibliothèque d'éducation et de Récréation
596 _aHetzel y Toinon ejercen juntos ca. 1862, según consta en CCPB.
830 0 0 _aBibliothèque d'éducation et de récréation
_9188119
852 _aES-MaACL
_jF-9089
_z-- Enc. hol., conservando la cub. original
999 _c167257
_d167257